| 000 | 01074nam a2200301 i 4500 | ||
|---|---|---|---|
| 003 | DO-SdBNP | ||
| 005 | 20240503073632.0 | ||
| 007 | ta | ||
| 008 | 230328b2004 sp a|||| |||| 00| 0 spa d | ||
| 020 | _a8420467286 | ||
| 040 |
_aDO-SdBNP _bspa _cBNPHU _erda |
||
| 082 | 4 |
_a863.3 _bC419don 2004 _222 |
|
| 100 | 1 |
_aCervantes Saavedra, Miguel de, _d1547-1616 _c1547-1616. _93070 |
|
| 245 | 1 | 0 |
_aDon Quijote de la Mancha / _cMiguel de Cervantes Saavedra ; edición y notas Francisco Rico |
| 264 |
_aMadrid : _bReal Academia Española, _c2004. |
||
| 300 |
_a1249 páginas ; _c21 cm. |
||
| 336 |
_2rdacontent _atexto _btxt |
||
| 337 |
_2rdamedia _asin mediación _bn |
||
| 338 |
_2rdacarrier _avolumen _bnc |
||
| 500 | _aIncluye referencias bibliográficas y notas al pie de las páginas | ||
| 500 | _aEdición del 4o. Centenario | ||
| 590 | _aInventariado, 2023/BT | ||
| 650 | 4 |
_aNovela española _91123 |
|
| 650 | 4 |
_aLiteratura española _9632 |
|
| 700 | 1 |
_aRico, Francisco, _eedición y notas _97816 |
|
| 910 | _aBtavárez/Validado.Control de calidad MFF | ||
| 942 |
_2ddc _cLBS1 |
||
| 999 |
_c53184 _d53184 |
||